00341nam a2200145Ia 4500008004100000020001800041082000800059100002000067245002300087250000600110260002800116300001000144500002400154650001700178230524s9999 xx 000 0 und d a9788170288794 bKAL aAPJ Abdul Kalam 0aIndomitable Spirit a1 aNew DelhibRajpaic2015 a254p; aQuantity Number: 1 aMisalliance